000 00717nam a2200253 a 4500
001 57749
003 BD-RjUL
005 20211209080540.0
008 161211s1992 nyua b 001 0 eng
020 _a0471929719
035 _a(BD-RjUL)57873
040 _aDLC
_cDLC
_dIG#
_dIEB
_dSINLB
_dID1
_dBD-RjUL
_beng
041 _aeng
082 0 0 _a530.12
_223
_bMAQ 1992
100 _aMandl, F
_9171495
245 0 4 _aQuantum mechanics /
_cF Mandl
260 _aNew York :
_bJoha Wiley & sons,
_c1992
300 _axvi, 249 p. :
_bill. (some col.) ;
_c24 cm.
490 1 _aPhysics explained
650 0 _aQuantum theory
_9171496
830 0 _aPhysics explained.
_9171497
942 _2ddc
_cBK
999 _c57749
_d57749